[Event "North Shore B-Grade"]
[Site "Auckland NZL"]
[Date "2017.08.26"]
[Round "1"]
[White "Hilder, Scott"]
[Black "Li, Rodney Xiang Rei"]
[Result "0-1"]
[WhiteElo "1900"]
[BlackElo "1509"]
[PlyCount "30"]
[EventDate "2017.08.26"]

1. d4 Nf6 2. c4 e6 3. Nc3 c5 4. Nf3 cxd4 5. Nxd4 a6 6. Bg5 Nc6 7. Nxc6 bxc6 8.
e3 Rb8 9. Qc2 d5 10. Rd1 Qb6 11. Bxf6 gxf6 12. Rb1 Qa5 13. a3 Bxa3 14. Ra1 Rxb2
15. Qxb2 Bxb2 0-1

[Event "North Shore B-Grade"]
[Site "Auckland NZL"]
[Date "2017.08.26"]
[Round "1"]
[White "Myers, Sean"]
[Black "Van den Heuvel, Arnold"]
[Result "0-1"]
[WhiteElo "1495"]
[BlackElo "1828"]
[PlyCount "108"]
[EventDate "2017.08.26"]

1. e4 e6 2. d4 d5 3. Nc3 dxe4 4. Nxe4 Bd7 5. Bc4 Bc6 6. f3 Bxe4 7. fxe4 Qh4+ 8.
Kf1 Qxe4 9. Bd3 Qd5 10. c3 c6 11. Nf3 Nf6 12. Qe2 Nbd7 13. Bf4 Qh5 14. Re1 Be7
15. Bc4 Nd5 16. Be5 Nxe5 17. dxe5 Nb6 18. Bb3 Rd8 19. Rd1 O-O 20. Rd4 Rxd4 21.
cxd4 Rd8 22. h3 c5 23. g4 Qh6 24. Kg2 cxd4 25. Qe4 Qe3 26. Qxb7 Qe2+ 27. Kg3
Rd7 28. Qc6 Qa6 29. Nxd4 Rxd4 30. Qe8+ Bf8 31. Rh2 Qd3+ 32. Kh4 Qe3 33. Bxe6
Qh6+ 34. Kg3 Qxe6 35. Qb8 Rd3+ 36. Kg2 Rd2+ 37. Kg3 Rxh2 38. Kxh2 Qxa2 39. Kg3
Qxb2 40. Qe8 Qe2 41. Kf4 Nd5+ 42. Kg5 h6+ 43. Kh4 Qe1+ 44. Kh5 Nf6+ 45. exf6
Qxe8 46. g5 g6+ 47. Kg4 Qe4+ 48. Kg3 Bd6+ 49. Kf2 hxg5 50. Kf1 Qc2 51. h4 Bc5
52. Ke1 Be3 53. h5 Qf2+ 54. Kd1 Qd2# 0-1

[Event "North Shore B-Grade"]
[Site "Auckland NZL"]
[Date "2017.08.26"]
[Round "1"]
[White "Eade, Don"]
[Black "Qin, Oscar Shu Xuan"]
[Result "1-0"]
[WhiteElo "1806"]
[BlackElo "1449"]
[PlyCount "115"]
[EventDate "2017.08.26"]

1. e4 e5 2. Nf3 Nc6 3. Bb5 a6 4. Ba4 Nf6 5. Qe2 b5 6. Bb3 Bc5 7. O-O O-O 8. c3
d6 9. h3 h6 10. Rd1 Qe7 11. Bc2 Be6 12. d4 Bc4 13. Qe1 exd4 14. cxd4 Bb4 15.
Bd2 d5 16. e5 Nd7 17. b3 Bxd2 18. Qxd2 Qb4 19. bxc4 Qxd2 20. Nbxd2 bxc4 21. Bf5
Nb6 22. Rab1 g6 23. Bc2 a5 24. a3 Rab8 25. Rb5 Rb7 26. Nxc4 dxc4 27. Be4 Na7
28. Rxa5 c6 29. Rb1 Rfb8 30. Rc5 Rc7 31. d5 Nd7 32. Rxb8+ Nxb8 33. Nd4 Nd7 34.
Rxc4 Nxe5 35. Rc3 c5 36. Nb3 Nd7 37. a4 Nc8 38. f4 Nd6 39. Bf3 f5 40. Nd4 Ra7
41. Bd1 cxd4 42. Rc6 Ne4 43. Rxg6+ Kh7 44. Rc6 Rb7 45. Bc2 Ndf6 46. d6 Kg6 47.
g4 Rd7 48. gxf5+ Kxf5 49. a5 Ke6 50. Bb3+ Nd5 51. a6 Nxd6 52. Rc5 Ne4 53. Rxd5
Rg7+ 54. Rg5+ Kf6 55. Rxg7 Kxg7 56. a7 d3 57. a8=Q Nd2 58. Qg8+ 1-0

[Event "North Shore B-Grade"]
[Site "Auckland NZL"]
[Date "2017.08.26"]
[Round "1"]
[White "Liu, James Jiayu"]
[Black "Lyall, Simon"]
[Result "0-1"]
[WhiteElo "1405"]
[BlackElo "1752"]
[PlyCount "46"]
[EventDate "2017.08.26"]

1. e4 e5 2. Nf3 Nf6 3. d3 Nc6 4. b3 d5 5. exd5 Nxd5 6. h3 Bb4+ 7. Bd2 Bc5 8.
Nc3 O-O 9. Nxd5 Qxd5 10. c3 Bf5 11. b4 Be7 12. c4 Qd6 13. b5 Nb4 14. Bc3 e4 15.
dxe4 Bxe4 16. Qxd6 Nc2+ 17. Kd1 Bxd6 18. Rc1 Nb4 19. Bxb4 Bxb4 20. Ke2 Rfe8 21.
Ke3 Bg6+ 22. Kf4 Bd6+ 23. Kg5 Re4 0-1

[Event "North Shore B-Grade"]
[Site "Auckland NZL"]
[Date "2017.08.26"]
[Round "1"]
[White "Goormachtigh, Laurens"]
[Black "McDougall, Euan"]
[Result "1-0"]
[WhiteElo "1714"]
[BlackElo "1388"]
[PlyCount "69"]
[EventDate "2017.08.26"]

1. e4 e5 2. Nf3 d6 3. Bc4 Bg4 4. O-O Nf6 5. Re1 a6 6. c3 Nc6 7. h3 Bh5 8. d3 h6
9. a4 Be7 10. Be3 Na5 11. Ba2 d5 12. g4 dxe4 13. Nxe5 Bg6 14. Nxg6 fxg6 15. d4
Qd7 16. Nd2 g5 17. f3 exf3 18. Nxf3 Nc6 19. d5 Na7 20. Bc5 Nxd5 21. Bxd5 O-O-O
22. Rxe7 Qxd5 23. Qxd5 Rxd5 24. Bxa7 b6 25. Nd4 Kb7 26. Rf1 h5 27. Rff7 Kxa7
28. Rxc7+ Ka8 29. Nc6 Rd1+ 30. Kf2 Rd2+ 31. Ke1 Rd1+ 32. Kxd1 Rd8+ 33. Kc2 Rd2+
34. Kxd2 h4 35. Ra7# 1-0

[Event "North Shore B-Grade"]
[Site "Auckland NZL"]
[Date "2017.08.26"]
[Round "1"]
[White "Li, Andrew"]
[Black "Ha, Huy Minh (Timothy)"]
[Result "1-0"]
[WhiteElo "1376"]
[BlackElo "1702"]
[PlyCount "59"]
[EventDate "2017.08.26"]

1. e4 g6 2. Nc3 Bg7 3. Bc4 a6 4. a4 d6 5. Nf3 Nd7 6. Bxf7+ Kf8 7. Bxg8 Kxg8 8.
d3 Ne5 9. Nxe5 Bxe5 10. Bh6 Be6 11. f4 Bg7 12. Bxg7 Kxg7 13. O-O c6 14. Qd2 Bf7
15. f5 Qd7 16. Qg5 Raf8 17. f6+ exf6 18. Qxf6+ Kg8 19. Rf2 Qc7 20. Ne2 Qd8 21.
Raf1 Qc7 22. Nf4 Qd8 23. Ne6 Bxe6 24. Qxe6+ Kg7 25. Rf7+ Kh6 26. Qh3+ Kg5 27.
Qe3+ Kh5 28. g4+ Kxg4 29. R1f3 g5 30. Rh3 1-0

[Event "North Shore B-Grade"]
[Site "Auckland NZL"]
[Date "2017.08.26"]
[Round "1"]
[White "Meng, Richard"]
[Black "Qiu, Daniel"]
[Result "1-0"]
[WhiteElo "1627"]
[BlackElo "1354"]
[PlyCount "41"]
[EventDate "2017.08.26"]

1. c4 e6 2. g3 d5 3. Bg2 Nf6 4. Nf3 c6 5. O-O Bd6 6. cxd5 exd5 7. b3 Bg4 8. h3
Bf5 9. Bb2 O-O 10. d3 h6 11. Nbd2 Nbd7 12. Nh4 Bh7 13. e4 dxe4 14. Nc4 Bc7 15.
dxe4 Bxe4 16. Bxe4 Nxe4 17. Qf3 Ndf6 18. Rad1 Qe7 19. Rfe1 Rad8 20. Bxf6 Rxd1
21. Qxd1 1-0

[Event "North Shore B-Grade"]
[Site "Auckland NZL"]
[Date "2017.08.26"]
[Round "1"]
[White "Lourenco, Eva"]
[Black "Kamberi, Paul"]
[Result "1-0"]
[WhiteElo "1350"]
[BlackElo "1570"]
[PlyCount "95"]
[EventDate "2017.08.26"]

1. d4 d5 2. Bf4 e6 3. Nf3 Nd7 4. e3 a6 5. Bd3 c5 6. c3 c4 7. Be2 b5 8. Nbd2 Bb7
9. O-O Ngf6 10. Ne5 Nxe5 11. Bxe5 Nd7 12. Bg3 Be7 13. f4 g6 14. Nf3 f5 15. Qe1
a5 16. Bh4 Bxh4 17. Qxh4 Qxh4 18. Nxh4 b4 19. Nf3 h6 20. Ne5 Nxe5 21. dxe5 g5
22. fxg5 hxg5 23. g4 Rg8 24. Rf2 Ra7 25. Raf1 Bc8 26. gxf5 exf5 27. Rd1 Be6 28.
Rd4 Rh8 29. Bf1 g4 30. Rdf4 Rh5 31. Rd2 Rb7 32. Bg2 bxc3 33. bxc3 Rb1+ 34. Rf1
Rxf1+ 35. Bxf1 Rh7 36. Bg2 Rd7 37. Rb2 Ke7 38. Kf2 a4 39. a3 Bf7 40. Kg3 Be8
41. Kf4 Bg6 42. Rb4 Kd8 43. Rxa4 Rb7 44. Rb4 Ra7 45. a4 Be8 46. Bxd5 Bxa4 47.
Rxc4 Bd1 48. Rd4 1-0

[Event "North Shore B-Grade"]
[Site "Auckland NZL"]
[Date "2017.08.26"]
[Round "1"]
[White "McDougall, Wayne"]
[Black "Weng, Xintong (Winston)"]
[Result "0-1"]
[WhiteElo "1563"]
[BlackElo "1305"]
[PlyCount "102"]
[EventDate "2017.08.26"]

1. e4 c5 2. d4 cxd4 3. Qxd4 Nc6 4. Qa4 d6 5. Nc3 g6 6. Nf3 Bg7 7. Bg5 h6 8. Bh4
Bd7 9. Bb5 a6 10. Bxc6 Bxc6 11. Qc4 Qc7 12. O-O g5 13. Bg3 e5 14. Nd5 Qd8 15.
Rfd1 Ne7 16. Bxe5 Bxe5 17. Nxe5 Bxd5 18. Rxd5 Nxd5 19. Nxf7 Kxf7 20. Qxd5+ Ke7
21. Qxb7+ Qd7 22. Qb3 Rab8 23. Qc3 Rhg8 24. b3 Rb6 25. Rd1 Rc6 26. Qd3 Qc8 27.
c4 a5 28. Re1 Qc7 29. e5 dxe5 30. Qd5 Re6 31. Qe4 Rgg6 32. g3 Qa7 33. Rd1 Rgf6
34. Rd2 Ke8 35. Kg2 Rf7 36. f3 Qb7 37. Qd3 Qa8 38. Kf2 e4 39. Qd5 Qxd5 40. Rxd5
Rxf3+ 41. Kg2 Ref6 42. Re5+ Kf7 43. Rxe4 Rf2+ 44. Kh3 Rxa2 45. Re5 Rb6 46. c5
Rxb3 47. Kg4 Rb4+ 48. Kh3 Rc4 49. Rd5 Rcc2 50. Rd7+ Ke6 51. Rd6+ Ke5 0-1

[Event "North Shore B-Grade"]
[Site "Auckland NZL"]
[Date "2017.08.26"]
[Round "1"]
[White "Li, Leo Xiang Yu"]
[Black "Wang, Aaron Ziwen"]
[Result "1/2-1/2"]
[WhiteElo "1256"]
[BlackElo "1552"]
[PlyCount "62"]
[EventDate "2017.08.26"]

1. e4 c5 2. Nf3 d6 3. d4 cxd4 4. Nxd4 Nf6 5. Nc3 a6 6. Be3 e5 7. Nb3 Be6 8. f3
Nc6 9. Qd2 d5 10. exd5 Bxd5 11. Bg5 Bxb3 12. Qxd8+ Nxd8 13. axb3 Be7 14. Bb5+
Nd7 15. Bxe7 Kxe7 16. Nd5+ Kd6 17. Bxd7 Kxd5 18. O-O-O+ Kc5 19. b4+ Kb6 20.
Rd6+ Kc7 21. Rhd1 Nc6 22. Bxc6 bxc6 23. Rd7+ Kb6 24. Rxf7 a5 25. bxa5+ Rxa5 26.
Rdd7 Ra1+ 27. Kd2 g6 28. b4 Kb5 29. Kc3 Ra3+ 30. Kd2 Kxb4 31. Rxh7 Raa8 1/2-1/2

[Event "North Shore B-Grade"]
[Site "Auckland NZL"]
[Date "2017.08.26"]
[Round "1"]
[White "Braganza, Nadia"]
[Black "Vickers, Josia"]
[Result "1/2-1/2"]
[WhiteElo "1549"]
[BlackElo "1186"]
[PlyCount "79"]
[EventDate "2017.08.26"]

1. e4 c5 2. Nf3 d6 3. d4 cxd4 4. Nxd4 Nf6 5. Nc3 a6 6. Be3 e6 7. Be2 b5 8. a3
Nbd7 9. O-O Bb7 10. f3 Be7 11. Qd2 Rc8 12. Bd3 O-O 13. Qf2 d5 14. exd5 Nxd5 15.
Nxd5 Bxd5 16. Qg3 Bf6 17. c3 Ne5 18. Be4 Nc4 19. Qf2 Nxe3 20. Qxe3 Bxe4 21.
fxe4 Bxd4 22. Qxd4 Qxd4+ 23. cxd4 Rc2 24. Rf2 Rfc8 25. Rb1 Kf8 26. b4 Rxf2 27.
Kxf2 Rc2+ 28. Kf3 Rc3+ 29. Kf4 Rxa3 30. Ke5 Ke7 31. Rb2 h5 32. d5 f6+ 33. Kd4
Kd6 34. g3 Ra1 35. Rc2 Rd1+ 36. Ke3 Re1+ 37. Kd4 Rd1+ 38. Ke3 Re1+ 39. Kd4 Rd1+
40. Ke3 1/2-1/2

[Event "North Shore B-Grade"]
[Site "Auckland NZL"]
[Date "2017.08.26"]
[Round "1"]
[White "Mudaliar, Rohit"]
[Black "Li, Allen"]
[Result "1-0"]
[WhiteElo "958"]
[BlackElo "1515"]
[PlyCount "119"]
[EventDate "2017.08.26"]

1. e4 e5 2. Nf3 Nc6 3. Bb5 Nf6 4. O-O Bc5 5. d3 d6 6. Bg5 Bg4 7. c3 h6 8. Bh4
g5 9. Bg3 a6 10. Bxc6+ bxc6 11. Nbd2 Nh5 12. Kh1 Nf4 13. Qa4 Qd7 14. d4 exd4
15. Nxd4 Bxd4 16. Qxd4 Rh7 17. Bxf4 gxf4 18. e5 dxe5 19. Qxe5+ Be6 20. Ne4
O-O-O 21. Nf6 Qd2 22. Nxh7 Qxb2 23. Qa5 Bc4 24. Rfb1 Qxf2 25. Qf5+ Be6 26. Qh5
Rd2 27. Rg1 Bd5 28. Qg4+ Kb7 29. Rab1+ Ka7 30. Nf6 f3 31. Nxd5 Rxd5 32. Qxf3
Qxf3 33. gxf3 Rd3 34. Rg8 Rxc3 35. Rc8 a5 36. Rxc7+ Ka6 37. Rcb7 a4 38. Rxf7 h5
39. Rf8 Ka7 40. Kg2 Rc2+ 41. Kg3 h4+ 42. Kxh4 Rxh2+ 43. Kg3 Rxa2 44. Rc1 Kb6
45. Rf6 a3 46. Rfxc6+ Kb5 47. Rc8 Rd2 48. Rb1+ Rb2 49. Rxb2+ axb2 50. f4 Ka4
51. Rb8 Ka3 52. f5 Ka2 53. f6 Kb1 54. f7 Kc2 55. f8=Q Kc1 56. Qf4+ Kc2 57. Qe4+
Kc1 58. Qc4+ Kb1 59. Qd3+ Kc1 60. Rc8# 1-0